000 00679nam a2200217 a 4500
001 000005328
005 20240514195118.0
008 090819s1969 es 001 0 spa d
040 _aDO-SdBNP
_bspa
_cBNPHU
082 _a571.8
_bM758d
100 1 _aMontagu, Ashley
_915116
245 1 3 _aLa dirección del desarrollo humano /
_cAshley Montagu ; traducción María Dolores López Martínez.
250 _a2a ed
260 _aMadrid, España :
_bTecnos,
_c1969.
300 _a355 p. ;
_c24 cm.
650 4 _aDesarrollo humano
_9213
650 0 _a Calidad de vida
_985379
650 4 _aEvolución
_97386
700 1 _aLópez Martínez, María Dolores,
_etr.
_915117
049 _aBNPD
999 _c5129
_d5129